000 00647nam a2200241Ia 4500
003 OSt
005 20220925181819.0
006 a|||||r|||| 00| 0
007 ta
008 220923b |||||||| |||| 00| 0 eng d
020 _a0574192654
037 _cGeneral Book
040 _aRTL
_cRTL
_beng
041 _2eng
_aeng
082 _aX:71, L6
100 _aQuirk James P.
_9254839
245 0 _aIntermediate microeconomics
260 _aChicago
_bScience Research Association
_c1976
300 _axii, 359p.
_ccm.
650 _aMicroeconomics
942 _hX:71, L6
_cGB
_2CC
999 _c500393
_d500393